00399 2200157 4500001002100000008004100021035002000062245005900082100001900141250000600160260002700166084001400193082000800207650001400215990001200229INLIS000000000001179 ind  a0010-0524000414 aMetodelogi Penelitian KualitatifcDr. Deddy Mulyana MA aMulyana, Deddy a1 aBandung :bROSDAc2008 a370 DED m a370 aNon Fiksi a0713590